Birthday Dates to Stardew Valley Characters - Statistics

General Stats
  • This quiz has been taken 2 times
  • The average score is 15 of 34
Answer Stats
Hint Answer % Correct
Fall 13 Abigail
100%
Summer 13 Alex
50%
Winter 7 Caroline
50%
Winter 26 Clint
50%
Winter 17 Czarodziej
50%
Summer 19 Demetrius
50%
Fall 5 Elliott
50%
Spring 27 Emily
50%
Winter 20 Evelyn
50%
Summer 8 Gus
50%
Spring 14 Haley
50%
Winter 14 Harvey
50%
Summer 4 Jas
50%
Spring 4 Kent
50%
Winter 1 Krobus
50%
Winter 23 Leah
50%
Spring 7 Lewis
50%
Winter 3 Linus
50%
Fall 18 Marnie
50%
Summer 10 Maru
50%
Spring 18 Pam
50%
Fall 2 Penny
50%
Spring 26 Pierre
50%
Fall 21 Robin
50%
Summer 17 Sam
50%
Fall 15 Sandy
50%
Spring 20 Shane
50%
Spring 10 Vincent
50%
Fall 24 George
0%
Fall 11 Jodi
0%
Summer 22 Krasnolud
0%
Summer 26 Leo
0%
Winter 10 Sebastian
0%
Summer 24 Willy
0%
No matching quizzes found
Score Distribution
Percent of People with Each Score
Percentile by Number Answered
Your Score History
You have not taken this quiz